00402nam a2200145Ia 4500008004100000020001500041041001200056082001600068100001900084245008300103260002500186300000800211650002100219700001600240221030s9999 xx 000 0 und d a0074633864 aEnglish a105.23bSal aS. Salivahanan 0aElectronic Devices & Circuits ( DEPARTMENTAL )cby S. Salivahanan, N. K Suresh bTMHaNew Delhic2006 a705 aECE Departmental aN. K Suresh